| 000 | 01326cam a22003497a 4500 | ||
|---|---|---|---|
| 001 | 13910962 | ||
| 005 | 20170105102857.0 | ||
| 008 | 050324s2004 at bf 001 0 eng | ||
| 010 | _a 2005272077 | ||
| 020 | _a0195517814 | ||
| 035 | _a(OCoLC)ocm56995406 | ||
| 040 |
_aUHC _cUHC _dOCLCQ _dDLC |
||
| 042 | _alccopycat | ||
| 043 | _au-at--- | ||
| 050 | 0 | 0 |
_aKU78.S63 _bK46 2004 |
| 082 | 0 | 0 |
_a344.9403 _222 |
| 100 | 1 | _aKennedy, Rosemary. | |
| 245 | 1 | 0 |
_aIntegrating human service law and practice / _cRosemary Kennedy, with Jenny Richards. |
| 260 |
_aMelbourne : _bOxford University Press, _c2004. |
||
| 300 |
_axi, 218 p. ; _c23 cm. |
||
| 504 | _aIncludes bibliographical references (p. 194-209) and index. | ||
| 650 | 0 |
_aLaw _zAustralia. |
|
| 650 | 0 |
_aSocial legislation _xAustralia. |
|
| 650 | 0 |
_aPublic welfare _xLaw and legislation _zAustralia. |
|
| 650 | 0 |
_aSocial workers _zAustralia _vHandbooks, manuals, etc. |
|
| 650 | 0 |
_aSocial workers _xLegal status, laws, etc. _zAustralia. |
|
| 700 | 1 |
_aRichards, Jenny, _d1973- |
|
| 856 | 4 | 2 |
_3Publisher description _uhttp://www.loc.gov/catdir/enhancements/fy0626/2005272077-d.html |
| 906 |
_a7 _bcbc _ccopycat _d2 _encip _f20 _gy-gencatlg |
||
| 942 |
_2ddc _cBK |
||
| 999 |
_c14551 _d14551 |
||